<?xml version="1.0" encoding="UTF-8"?>
<record
    xmlns:xsi="http://www.w3.org/2001/XMLSchema-instance"
    xsi:schemaLocation="http://www.loc.gov/MARC21/slim http://www.loc.gov/standards/marcxml/schema/MARC21slim.xsd"
    xmlns="http://www.loc.gov/MARC21/slim">

  <leader>01767nam a22001457a 4500</leader>
  <datafield tag="999" ind1=" " ind2=" ">
    <subfield code="c">514408</subfield>
    <subfield code="d">514408</subfield>
  </datafield>
  <controlfield tag="008">201031b           ||||| |||| 00| 0 eng d</controlfield>
  <datafield tag="100" ind1=" " ind2=" ">
    <subfield code="a">Haan, Erzsi Meerstr-de, et al</subfield>
    <subfield code="9">20630</subfield>
  </datafield>
  <datafield tag="245" ind1=" " ind2=" ">
    <subfield code="a">An initiators' Perspective on the continuity of citizens' initiatives in rural areas</subfield>
  </datafield>
  <datafield tag="260" ind1=" " ind2=" ">
    <subfield code="a">Rural Sociology</subfield>
  </datafield>
  <datafield tag="300" ind1=" " ind2=" ">
    <subfield code="a">85(1), Mar, 2020: p.213-234</subfield>
  </datafield>
  <datafield tag="520" ind1=" " ind2=" ">
    <subfield code="a">Against the backdrop of depopulation and the shift toward Big Society, citizens' initiatives in rural areas are believed to be able to mitigate the decline of service provision in rural regions. Consequently, this mitigation requires the continuity of such initiatives. However, so far, we lack an initiators' perspective on the relevance of this continuity and the factors influencing it. From a theoretical standpoint, continuity of citizens' initiatives can be understood at three levels: the participant, group, and initiative levels. Based on empirical data obtained from 157 questionnaires distributed to a variety of initiatives, and using regression analysis, the focus of this paper is twofold. First, how and at which level the initiators understand continuity of an initiative is considered. Second, factors influencing the expected continuity of an initiative are researched. The results reveal that continuity differs from merely being successful and is influenced by other factors as well. Furthermore, continuity on the initiative level&#x2014;the realization of a certain goal&#x2014;is most prominent in analyzing expected continuity. In conclusion, we explore the roles that citizens' initiatives can be expected to play in service provision and which levels of continuity align with these expectations.- Reproduced </subfield>
  </datafield>
  <datafield tag="773" ind1=" " ind2=" ">
    <subfield code="a"> Rural Sociology</subfield>
  </datafield>
  <datafield tag="906" ind1=" " ind2=" ">
    <subfield code="a">RURAL DEVELOPMENT</subfield>
  </datafield>
  <datafield tag="942" ind1=" " ind2=" ">
    <subfield code="c">AR</subfield>
  </datafield>
  <datafield tag="952" ind1=" " ind2=" ">
    <subfield code="0">0</subfield>
    <subfield code="1">0</subfield>
    <subfield code="2">ddc</subfield>
    <subfield code="4">0</subfield>
    <subfield code="7">0</subfield>
    <subfield code="9">388417</subfield>
    <subfield code="a">IIPA</subfield>
    <subfield code="b">IIPA</subfield>
    <subfield code="d">2020-10-31</subfield>
    <subfield code="h">85(1), Mar, 2020: p.213-234</subfield>
    <subfield code="p">AR123414</subfield>
    <subfield code="r">2020-10-31</subfield>
    <subfield code="y">AR</subfield>
  </datafield>
</record>
